00309nam a22001097a 4500008004100000020001500041082001900056245006200075260004700137300000800184440000700192230623b xxu||||| |||| 00| 0 eng d a9966900322 a330.bKIL 1997 aFiscal Operations, Money Supply and Inflation in Tanzania bAfrican Economic Research Consortiumc1997 a40p n65